[Event "BCF-chT3a 0001 (4NCL)"]
[Site "Birmingham"]
[Date "2001.01.27"]
[Round "5.7"]
[White "Harwood, William"]
[Black "Nwankwo, Magnus"]
[Result "1-0"]
[WhiteElo "1864"]
[BlackElo "1560"]
[PlyCount "133"]
[EventDate "2000.11.26"]
[EventType "team-tourn"]
[EventRounds "7"]
[EventCountry "ENG"]
[SourceTitle "EXT 2002"]
[Source "ChessBase"]
[SourceDate "2001.11.25"]
[SourceVersion "1"]
[SourceVersionDate "2001.11.25"]
[SourceQuality "1"]
[WhiteTeam "Warwicks Select"]
[BlackTeam "NCCL"]
[WhiteTeamCountry "ENG"]
[BlackTeamCountry "ENG"]

1. e4 g6 2. d4 d6 3. Nc3 Bg7 4. Nf3 a6 5. a4 b6 6. Bc4 Bb7 7. Bg5 Nd7 8. Qe2 Qc8 9. 0-0 e6 10. Rad1 Ne7 11. Bxe7 Kxe7 12. Ng5 h6 13. Nh3 Qe8 14. f4 Kd8 15. b4 Kc8 16. e5 d5 17. Bd3 Qe7 18. Na2 c5 19. bxc5 bxc5 20. c4 dxc4 21. Bxc4 Nb6 22. Rb1 Nxc4 23. Qxc4 Bd5 24. Qc2 c4 25. Nc3 Qa7 26. Rfd1 Bf8 27. Nxd5 exd5 28. f5 g5 29. f6 Rb8 30. Qf5+ Kc7 31. Rxb8 Kxb8 32. e6 Bd6 33. Qxd5 Qc7 34. e7 Re8 35. Qxf7 Qd7 36. Qxc4 Bxe7 37. fxe7 Qxe7 38. Qxa6 Qb4 39. Qb5+ Qxb5 40. axb5 Kb7 41. Kf2 Kb6 42. Kg3 Kxb5 43. Kg4 Re2 44. Kf3 Ra2 45. Nf2 h5 46. h3 Kc6 47. d5+ Kd7 48. g4 hxg4+ 49. hxg4 Ra8 50. Ne4 Ra3+ 51. Ke2 Rh3 52. Rd3 Rh4 53. Kd2 Kd8 54. Rg3 Rh2+ 55. Kd3 Ra2 56. Kd4 Ke7 57. Nxg5 Rd2+ 58. Ke5 Re2+ 59. Ne4 Kf7 60. g5 Ra2 61. g6+ Kg7 62. d6 Ra5+ 63. Ke6 Ra3 64. Nf6 Ra6 65. Ne8+ Kg8 66. g7 Ra8 67. Nf6# 1-0